Основы спортивной тренировки. Этап спортивного совершенствования учебно-методическое пособие
В учебно-методическом пособии рассматриваются теоретические основы этапов многолетней подготовки спортсменов; предложена программа учебно-тренировочных занятий для спортсменов-аэробов на этапе спортивного совершенствования. Учебно-методическое пособие предлагается в помощь студентам медицинского вуз...
Gespeichert in:
| 1. Verfasser: | |
|---|---|
| Format: | Книга |
| Sprache: | Russian |
| Veröffentlicht: |
Санкт-Петербург
СЗГМУ им. И.И. Мечникова
2020
|
| Online Zugang: | https://e.lanbook.com/book/242510 https://e.lanbook.com/img/cover/book/242510.jpg |
| Tags: |
Tag hinzufügen
Keine Tags, Fügen Sie den ersten Tag hinzu!
|
| LEADER | 01697nam0a2200241 i 4500 | ||
|---|---|---|---|
| 001 | 242510 | ||
| 003 | RuSpLAN | ||
| 005 | 20221220174158.0 | ||
| 008 | 221220s2020 ru gs 000 0 rus | ||
| 040 | |a RuSpLAN | ||
| 041 | 0 | |a rus | |
| 044 | |a ru | ||
| 080 | |a 796.412(075.8) | ||
| 245 | 0 | 0 | |a Основы спортивной тренировки. Этап спортивного совершенствования |b учебно-методическое пособие |c Склярова И. В. |
| 260 | |a Санкт-Петербург |b СЗГМУ им. И.И. Мечникова |c 2020 | ||
| 300 | |a 56 с. | ||
| 504 | |a Библиогр.: доступна в карточке книги, на сайте ЭБС Лань | ||
| 520 | 8 | |a В учебно-методическом пособии рассматриваются теоретические основы этапов многолетней подготовки спортсменов; предложена программа учебно-тренировочных занятий для спортсменов-аэробов на этапе спортивного совершенствования. Учебно-методическое пособие предлагается в помощь студентам медицинского вуза для более полного освоения учебной дисциплины. | |
| 521 | 8 | |a Книга из коллекции СЗГМУ им. И.И. Мечникова - Медицина | |
| 100 | 1 | |a Склярова И. В. | |
| 856 | 4 | |u https://e.lanbook.com/book/242510 | |
| 856 | 4 | 8 | |u https://e.lanbook.com/img/cover/book/242510.jpg |
| 953 | |a https://e.lanbook.com/img/cover/book/242510.jpg | ||